The Unquiet River: (Record no. 175705)

MARC details
000 -LEADER
fixed length control field 00656nam a22001937a 4500
005 - DATE AND TIME OF LATEST TRANSACTION
control field 20200921125714.0
010 ## - LCCN (DPL NO)
LC control number ENG-128442
020 ## - INTERNATIONAL STANDARD BOOK NUMBER
Terms of availability 1195.00
International Standard Book Number 9780199468119
035 ## - SYSTEM CONTROL NUMBER
System control number EN-111974
037 ## - SOURCE OF ACQUISITION
Source of stock number/acquisition DBAD/PUB
082 ## - DEWEY DECIMAL CLASSIFICATION NUMBER
Classification number 954.51
100 ## - MAIN ENTRY--PERSONAL NAME
Personal name Saikia, Arupjyoti
245 ## - TITLE STATEMENT
Title The Unquiet River:
Remainder of title A Biography of the Brahmaputra/
Statement of responsibility, etc by Arupjyoti Saikia
260 ## - PUBLICATION, DISTRIBUTION, ETC. (IMPRINT)
Place of publication, distribution, etc New Delhi
Name of publisher, distributor, etc Oxford University Press
Date of publication, distribution, etc 2019
270 ## - ADDRESS
Address 22 Workspace, 2nd Floor, I/22 Asaf Ali Road,
City New Delhi
Postal code 110002
300 ## - PHYSICAL DESCRIPTION
Extent xxi;583p.
Dimensions 23cm(pbk)
Other physical details Pictures, Maps
500 ## - GENERAL NOTE
General note Contains Bibliography, Afterword and Index
942 ## - ADDED ENTRY ELEMENTS (KOHA)
Source of classification or shelving scheme Dewey Decimal Classification
Item type English Books
Classification part 954.51
Call number suffix SAI
Holdings
Withdrawn status Lost status Not for loan Collection code Home library Current library Date acquired Source of acquisition Cost, normal purchase price Full call number Barcode Cost, replacement price Koha item type
      Non-fiction Andrews Gunj Andrews Gunj 21/09/2020 DBAD/PUB 1195.00 954.51 SAI EN-111974 1195.00 English Books

© Delhi Public Library
Hit Counter
free hit counter